| 000 | 00372nam a2200145Ia 4500 | ||
|---|---|---|---|
| 008 | 230917s9999||||xx |||||||||||||| ||und|| | ||
| 040 |
_e44428 _aMAIN |
||
| 041 | _aEnglish | ||
| 082 | _a297.122 B955C | ||
| 100 | _aBurton, John | ||
| 245 | 4 | _aThe collection of the Quran | |
| 260 |
_aCambridge _bCambridge University Press _c1977 |
||
| 300 | _avii, 273 p. | ||
| 942 | _cBK | ||
| 999 |
_c212287 _d212287 |
||